| 000 | 01635njm a2200337 i 4500 | ||
|---|---|---|---|
| 001 | 4978 | ||
| 003 | ES-MaACL | ||
| 005 | 20250622050153.0 | ||
| 007 | s|r||||||||||| | ||
| 008 | 070906s1984 sp ||| g ||||||||1|nspa d | ||
| 245 | 0 | 0 |
_aProtección penal de los derechos fundamentales _h[Grabación sonora] _b: libertad de expresión, asociación y reunión / _cintervienen José Jiménez Villarejo, Diego López Garrido, Bonifacio de la Cuadra y Jesús Peces Morate ; modera Enrique Linde Paniagua. |
| 260 |
_aMadrid : _bAteneo de Madrid, _c1984. |
||
| 300 |
_a3 discos (CD-DA) (2 h. 7 min. 19 seg.) ; _c12 cm. |
||
| 490 | 1 | _aJornadas sobre la reforma del Código penal | |
| 500 | _aDatos basados en la invitación. | ||
| 518 | _aActo organizado por el Ateneo de Madrid en colaboración con la Asociación pro Derechos Humanos en España, grabado en el salón de actos el miércoles, 4 de abril de 1984, a las 18:30 h. | ||
| 610 | 0 | 4 |
_aAteneo de Madrid- _xActos culturales- _y1984- _vGrabaciones sonoras _91899 |
| 650 | 1 | 4 |
_aDerechos políticos y civiles- _zEspaña. _911781 |
| 700 | 1 |
_aLinde Paniagua, Enrique. _972382 |
|
| 700 | 1 |
_aJiménez Villarejo, José. _966628 |
|
| 700 | 1 |
_aLópez Garrido, Diego. _973667 |
|
| 700 | 1 |
_aCuadra, Bonifacio de la. _941874 |
|
| 700 | 1 |
_aPeces Morate, Jesús. _989837 |
|
| 710 | 2 |
_aAteneo de Madrid. _91875 |
|
| 710 | 2 |
_aAsociación pro Derechos Humanos de España. _91785 |
|
| 830 | 0 |
_aJornadas sobre la reforma del Código penal _9176765 |
|
| 852 |
_aES-MaACL _jROT 5/5/26 _95095 _cROT |
||
| 852 |
_aES-MaACL _jROT 5/5/28 _9203689 _cROT |
||
| 942 | _2udc | ||
| 999 |
_c4978 _d4978 |
||